| 000 | 00890nam a22001935i 4500 | ||
|---|---|---|---|
| 001 | 158923 | ||
| 003 | ES-MaACL | ||
| 005 | 20230906211359.0 | ||
| 008 | 990308s1890 it |||| | ita d | ||
| 100 | 1 |
_aMartinati, Camillo. _9129567 |
|
| 245 | 1 | 0 |
_aNotizie storico-biografiche intorno al conte Baldassare Castiglione _b: con documenti inediti / _cstudio del Camillo Martinati. |
| 260 |
_aFirenze : _b[s.n.], _c1890 ( _fSuccessori Le Monier) |
||
| 300 |
_a91 p. ; _c27 cm. |
||
| 490 | 1 | _aPubblicazioni del R, Istituto di Studi Superiori Pratici e di Perfezionamento in Firenze. Sezione di Filosofia e Filologia | |
| 600 | 1 | 4 |
_aCastiglione, Baldassarre _cconte. _9146081 |
| 830 | 0 |
_aPubblicazioni del R, Istituto di Studi Superiori Pratici e di Perfezionamento in Firenze. Sezione di Filosofia e Filologia _9188503 |
|
| 852 |
_aES-MaACL _jG-12265 _z. - Enc. hol. |
||
| 999 |
_c158923 _d158923 |
||